Přenos informací na optických kmitočtech

Gespeichert in:
Bibliographische Detailangaben
1. Verfasser: Šavel, Josef
Format: Buch
Sprache:Tschechisch
Veröffentlicht: Praha Státní nakladatelství technické literatury 1982
Tags: Tag hinzufügen
Keine Tags, Fügen Sie das erste Tag hinzu!

MARC

LEADER 00000nam a2200000 4500
001 c131338
005 20041019155252.1
041 0 |a cze 
044 |a CZ 
245 1 0 |a Přenos informací na optických kmitočtech  |c Josef Šavel a kol. 
264 1 |a Praha  |b Státní nakladatelství technické literatury  |c 1982 
300 |a 183 s. 
100 1 |a Šavel, Josef